Rizal and the development of Filipino nationalism : a revised textbook on the life, works and writings of our national hero / Carlito D. Garcia, Ed.D [and four others]. (Record no. 21291)

000 -LEADER
fixed length control field 00712nam a22001697a 4500
020 ## - INTERNATIONAL STANDARD BOOK NUMBER
ISBN 9786214092116
082 ## - DEWEY DECIMAL CLASSIFICATION NUMBER
Classification number 923.7
Item number G2162 2023
100 ## - MAIN ENTRY--AUTHOR NAME
Personal name Garcia, Carlito D., author.
245 ## - TITLE STATEMENT
Title Rizal and the development of Filipino nationalism : a revised textbook on the life, works and writings of our national hero / Carlito D. Garcia, Ed.D [and four others].
260 ## - PUBLICATION, DISTRIBUTION, ETC. (IMPRINT)
Place of publication Mandaluyong City :
Name of publisher Books Atbp. Publishing Corp.,
Year of publication ©2023.
300 ## - PHYSICAL DESCRIPTION
Number of Pages xiv, 205 pages :
Other physical details illustrations ; 26 cm
500 ## - GENERAL NOTE
General note Includes bibliographical references.
650 ## - SUBJECT ADDED ENTRY--TOPICAL TERM
Topical Term Rizal, José, 1861-1896 -- Biography.
650 ## - SUBJECT ADDED ENTRY--TOPICAL TERM
Topical Term Rizal, José, 1861-1896 -- Writings.
650 ## - SUBJECT ADDED ENTRY--TOPICAL TERM
Topical Term Rizal, José, 1861-1896 -- Influence.
942 ## - ADDED ENTRY ELEMENTS (KOHA)
Koha item type Books
Holdings
Source of acquisition Permanent Location Date acquired Koha item type Collection code Accession Number Lost status Shelving location Withdrawn status Current Location Full call number
SchoolCagayan State University - Carig Library2025-08-26BooksFilipiniana011033 Filipiniana Section Cagayan State University - Carig Library923.7 G2162 2023
SchoolCagayan State University - Carig Library2025-08-26BooksFilipiniana011034 Filipiniana Section Cagayan State University - Carig Library923.7 G2162 2023
SchoolCagayan State University - Carig Library2025-08-26BooksFilipiniana011035 Filipiniana Section Cagayan State University - Carig Library923.7 G2162 2023

Cagayan State University University Library, Carig Campus
Tuguegarao City, Cagayan 3500 | www.csucarig.edu.ph

Powered by Koha